Iskolakultúra. - 10. évf. (2000) 6-7. sz.
Elmentve itt :
| Dokumentumtípus: | Folyóirat |
|---|---|
| Megjelent: |
2000
|
| Sorozat: | Iskolakultúra
10 No. 6-7 |
| Online Access: | http://misc.bibl.u-szeged.hu/45262 |
| LEADER | 00485nas a2200145 i 4500 | ||
|---|---|---|---|
| 001 | misc45262 | ||
| 005 | 20191106140905.0 | ||
| 008 | 180828s2000 hu o 0|| zxx d | ||
| 022 | |a 1215-5233 | ||
| 040 | |a SZTE Miscellanea Repozitórium |b hun | ||
| 041 | |a zxx | ||
| 245 | 0 | 0 | |a Iskolakultúra. - 10. évf. (2000) 6-7. sz. |h [elektronikus dokumentum] |
| 260 | |c 2000 | ||
| 490 | 0 | |a Iskolakultúra |v 10 No. 6-7 | |
| 856 | 4 | 0 | |u http://misc.bibl.u-szeged.hu/45262/1/iskolakultura_2000_006_007.pdf |z Dokumentum-elérés |